[Event "Open Semana Santa 2023"]
[Site "?"]
[Date "2023.04.07"]
[Round "5.222"]
[White "Melero Fernandez, Jose M"]
[Black "Kuzmin, Rolan"]
[Result "1-0"]
[WhiteElo "1356"]
[BlackElo "1024"]
[PlyCount "135"]
[EventDate "2023.??.??"]

1. e4 e5 2. Nf3 Nf6 3. Nc3 Nc6 4. Bc4 Bb4 5. a3 Ba5 6. b4 Bb6 7. O-O d6 8. d3
Bg4 9. Bb3 O-O 10. h3 Bh5 11. Nd5 Nxd5 12. Bxd5 Bd4 13. c3 Bb6 14. g4 Bg6 15.
h4 h5 16. Ng5 Rb8 17. gxh5 Bh7 18. Qg4 Qf6 19. Bc4 Ne7 20. Bb3 g6 21. Nh3 Rbd8
22. Bg5 gxh5 23. Qxh5 Qg6 24. Qxg6+ Nxg6 25. Bxd8 Rxd8 26. Ng5 Nxh4 27. Bxf7+
Kh8 28. Kh2 Rf8 29. Rae1 c6 30. Kg3 Ng6 31. Rh1 Kg7 32. Rxh7+ Kf6 33. Kg4 Nf4
34. Rh6+ Ke7 35. Kf5 a5 36. d4 Bc7 37. Reh1 a4 38. Rh8 Rxh8 39. Rxh8 Nd3 40.
Re8+ Kd7 41. Nh7 c5 42. d5 Bb6 43. Nf8+ Kc7 44. Be6 Ba7 45. Rc8+ Kb6 46. Nd7+
Kb5 47. Ra8 Bb6 48. Nxb6 Kxb6 49. Rxa4 Kb5 50. Ra7 Kc4 51. Rxb7 Kxc3 52. bxc5
Nxc5 53. Rb6 Kd4 54. f3 Ke3 55. Rc6 Nb7 56. Rc7 Nc5 57. Rxc5 dxc5 58. d6 c4 59.
Bxc4 Kd4 60. d7 Kxc4 61. d8=Q Kb3 62. Qc7 Kxa3 63. Qb6 Ka4 64. Kxe5 Ka3 65. Kd5
Ka2 66. Kc4 Ka1 67. Kc3 Ka2 68. Qb2# 1-0

[Event "Open Semana Santa 2023"]
[Site "?"]
[Date "2023.04.08"]
[Round "6.1"]
[White "GM Postny, Evgeny"]
[Black "IM Fernandez Guillen, Ernesto J."]
[Result "1/2-1/2"]
[WhiteElo "2548"]
[BlackElo "2461"]
[PlyCount "47"]

1. d4 Nf6 2. c4 e6 3. Nf3 b6 4. g3 Bb7 5. Bg2 Bb4+ 6. Bd2 Qe7 7. Nc3 O-O 8. O-O
c5 9. d5 Bxc3 10. Bxc3 Ne4 11. Rc1 exd5 12. cxd5 Re8 13. Nh4 Qg5 14. d6 Nxc3
15. Rxc3 Bxg2 16. Nxg2 Nc6 17. Nf4 Qe5 18. e3 Rad8 19. Re1 g6 20. Re2 Qe4 21.
Qc2 Qf3 22. Qd1 Qe4 23. Qc2 Qf3 24. Qd1 1/2-1/2

[Event "Open Semana Santa 2023"]
[Site "?"]
[Date "2023.04.08"]
[Round "6.2"]
[White "GM Sosa, Tomas"]
[Black "IM Iermito, Sebastian"]
[Result "1/2-1/2"]
[WhiteElo "2544"]
[BlackElo "2533"]
[Annotator "Usuario"]
[PlyCount "54"]
[EventDate "2023.??.??"]

1. e4 e5 2. Nf3 Nc6 3. Nc3 Nf6 4. d4 exd4 5. Nxd4 Bb4 6. Nxc6 bxc6 7. Bd3 d5 8.
Bd2 O-O 9. O-O Bxc3 10. Bxc3 dxe4 11. Bxf6 Qxf6 12. Bxe4 Qxb2 13. Bxc6 Rb8 14.
Rb1 Qxb1 15. Qxb1 Rxb1 16. Rxb1 Rd8 17. Bf3 Kf8 18. Rb8 Re8 19. h4 Ba6 20. Rb3
Be2 21. Bxe2 Rxe2 22. Rc3 Re4 23. g3 Ra4 24. Rxc7 Rxa2 25. c4 a5 26. Ra7 Rc2
27. Rxa5 Rxc4 $11 1/2-1/2

[Event "Open Semana Santa 2023"]
[Site "?"]
[Date "2023.04.08"]
[Round "6.3"]
[White "GM Chigaev, Maksim"]
[Black "IM Murphy, Conor E"]
[Result "1-0"]
[WhiteElo "2617"]
[BlackElo "2450"]
[PlyCount "59"]

1. e4 e5 2. Nf3 Nf6 3. Nxe5 d6 4. Nf3 Nxe4 5. d3 Nf6 6. d4 d5 7. Bd3 Be7 8. O-O
O-O 9. h3 Re8 10. Re1 Nbd7 11. Nc3 c6 12. Bf4 Nf8 13. Qd2 Bd6 14. Rxe8 Nxe8 15.
Re1 Ne6 16. Bxd6 Nxd6 17. Ne2 Qf6 18. Ne5 h5 19. b3 g6 20. c4 dxc4 21. bxc4 c5
22. dxc5 Qxe5 23. cxd6 Qxd6 24. Nc3 Bd7 25. Nd5 Bc6 26. Bxg6 Bxd5 27. Qh6 Qf4
28. Qh7+ Kf8 29. cxd5 Qf6 30. dxe6 1-0

[Event "Open Semana Santa 2023"]
[Site "?"]
[Date "2023.04.08"]
[Round "6.4"]
[White "GM Mendonca, Leon Luke"]
[Black "IM Alonso Garcia, Aaron"]
[Result "1-0"]
[WhiteElo "2596"]
[BlackElo "2426"]
[Annotator "Usuario"]
[PlyCount "125"]
[EventDate "2023.??.??"]

1. d4 Nf6 2. c4 e6 3. Nf3 b6 4. g3 Bb7 5. Bg2 Be7 6. O-O O-O 7. Re1 Re8 8. Nc3
d5 9. cxd5 Nxd5 10. Nxd5 exd5 11. Bf4 Nd7 12. Rc1 c5 13. Nd2 Nf6 14. dxc5 bxc5
15. Nc4 h6 16. Qa4 Bf8 17. Rcd1 Re6 $11 18. Be5 Ng4 19. Na5 Rxe5 20. Nxb7 Qc8
21. Na5 Nf6 22. e3 Qa6 23. Bf1 Qe6 24. Nb3 d4 25. Qc4 Qe7 26. Bg2 Re8 27. Rd3
Qc7 28. Nxd4 Qa5 29. Nc2 Rb8 30. Rb1 Ree8 31. Bf3 Qc7 32. Qc3 Nd7 33. Bg2 g6
34. Rbd1 Nb6 35. b3 Rbd8 36. Na3 Bg7 37. Rxd8 Rxd8 38. Rxd8+ Qxd8 39. Qxc5 Qd1+
40. Bf1 Bf8 41. Qc2 Qe1 42. Nb5 Nd5 43. Qe2 Qa5 44. Qc4 Nb6 45. Qc2 a6 46. Nd4
Nd5 47. Bc4 Kg7 48. Bxd5 Qxd5 49. Qc4 Qa5 50. a4 h5 51. h4 Ba3 52. Kg2 Bb2 53.
Nc6 Qd2 54. b4 Qd6 55. b5 axb5 56. axb5 Qc7 57. Qc5 Bf6 58. b6 Qb7 59. Kg1 Qd7
60. Qb5 Bxh4 61. b7 Bxg3 62. Qb2+ Kh6 63. fxg3 1-0

[Event "Open Semana Santa 2023"]
[Site "?"]
[Date "2023.04.08"]
[Round "6.5"]
[White "GM Maurizzi, Marc`andria"]
[Black "IM Ajay Krishna, S."]
[Result "1-0"]
[WhiteElo "2536"]
[BlackElo "2382"]
[PlyCount "81"]

1. e4 c5 2. Nf3 d6 3. d4 cxd4 4. Nxd4 Nf6 5. Nc3 a6 6. g3 e5 7. Nb3 Be7 8. Bg5
Nbd7 9. a4 b6 10. Bc4 Bb7 11. Nd2 O-O 12. O-O h6 13. Be3 Qc7 14. Qe2 Nc5 15.
Bxc5 Qxc5 16. Rfd1 Rfc8 17. Bb3 Rc7 18. Nc4 Bf8 19. a5 b5 20. Nb6 Rb8 21. Nbd5
Bxd5 22. Nxd5 Nxd5 23. Rxd5 Qa7 24. h4 Rc5 25. Rd3 Rb7 26. Rf3 Qb8 27. Rf5 g6
28. Qg4 Rc4 29. h5 g5 30. Bxc4 bxc4 31. Qe2 Qc7 32. c3 Qc6 33. Kh2 Bg7 34. Rf3
Rb5 35. Ra4 d5 36. exd5 Qxd5 37. Re3 Qb7 38. Rxc4 Rxb2 39. Qf3 Qd7 40. Rb4 g4
41. Qa8+ 1-0

[Event "Open Semana Santa 2023"]
[Site "?"]
[Date "2023.04.08"]
[Round "6.6"]
[White "GM Almeida Quintana, Omar"]
[Black "IM Suarez Uriel, Adrian"]
[Result "0-1"]
[WhiteElo "2526"]
[BlackElo "2356"]
[PlyCount "132"]

1. d4 Nf6 2. Nf3 g6 3. Bg5 Bg7 4. Nbd2 O-O 5. e4 d5 6. exd5 Qxd5 7. Bc4 Qd6 8.
O-O Nc6 9. c3 e5 10. dxe5 Nxe5 11. Nxe5 Qxe5 12. Nf3 Qc5 13. Qb3 b5 14. Qxb5
Qxb5 15. Bxb5 Rb8 16. Bc6 Rxb2 17. Nd4 Ba6 18. Rfe1 Bc4 19. a4 a6 20. Bc1 Ra2
21. Rxa2 Bxa2 22. Ba3 Rb8 23. Bb4 Nd5 24. Ba5 Bf6 25. Bxd5 Bxd5 26. Bxc7 Rc8
27. Bd6 h5 28. Bb4 Bxd4 29. cxd4 Rc4 30. Bc5 Rxa4 31. h4 Kg7 32. Re5 Bb3 33. f3
a5 34. Kh2 Ra2 35. d5 Rd2 36. d6 Be6 37. Ba3 a4 38. Ra5 Bd7 39. Bb4 Rd3 40. Ra7
Bc6 41. Rc7 Be8 42. Bc3+ Kf8 43. Bb4 Kg7 44. Kg3 Kf6 45. Bc3+ Kf5 46. Bb4 f6
47. Ra7 Rd5 48. Kf2 Bb5 49. Re7 Rd4 50. Ba3 Rd2+ 51. Kg1 Rd3 52. Bb4 Rd4 53.
Ba3 Rd1+ 54. Kf2 Rd3 55. Re3 Rd2+ 56. Kg1 Kf4 57. Rc3 Kg3 58. f4+ Bd3 59. Rc1
Rxg2+ 60. Kh1 Be4 61. Rg1 Rxg1+ 62. Kxg1 Bc6 63. f5 gxf5 64. Bb2 Kxh4 65. Bxf6+
Kg3 66. Be5+ f4 0-1

[Event "Open Semana Santa 2023"]
[Site "?"]
[Date "2023.04.08"]
[Round "6.7"]
[White "IM Plazuelo Pascual, Juan"]
[Black "GM Xu, Yi"]
[Result "1/2-1/2"]
[WhiteElo "2449"]
[BlackElo "2505"]
[Annotator "Usuario"]
[PlyCount "23"]
[EventDate "2023.??.??"]

1. e4 c5 2. Nf3 d6 3. d4 cxd4 4. Nxd4 Nf6 5. Nc3 a6 6. a4 e5 7. Nf3 Be7 8. Bg5
Be6 9. Bxf6 Bxf6 10. Nd5 Nd7 11. Bc4 Rc8 12. Qe2 $11 1/2-1/2

[Event "Open Semana Santa 2023"]
[Site "?"]
[Date "2023.04.08"]
[Round "6.8"]
[White "IM Garrido Outon, Alex"]
[Black "GM Moussard, Jules"]
[Result "1-0"]
[WhiteElo "2379"]
[BlackElo "2667"]
[PlyCount "139"]

1. e4 c6 2. d4 d5 3. e5 Bf5 4. h4 h5 5. c4 e6 6. Nc3 dxc4 7. Bxc4 Nd7 8. Nge2
Be7 9. Be3 Nh6 10. Ng3 Bg4 11. Be2 Bxe2 12. Qxe2 g6 13. Bxh6 Rxh6 14. Nge4 Nb6
15. Rd1 Nd5 16. g3 Rh8 17. Qf3 Qd7 18. Na4 Rf8 19. Nac5 Qc7 20. O-O O-O-O 21.
b4 b6 22. Na6 Qb7 23. b5 cxb5 24. Rc1+ Kd7 25. Rc7+ Qxc7 26. Nxc7 Kxc7 27. Qd3
b4 28. Rc1+ Kb7 29. Qb5 a6 30. Qc6+ Kb8 31. Qa4 Kb7 32. Qc6+ Kb8 33. Qa4 Kb7
34. Rc6 Ra8 35. Rxe6 fxe6 36. Qd7+ Kb8 37. Qxe6 Rd8 38. Nd6 Bxd6 39. Qxd5 Ra7
40. Qc6 Rb7 41. exd6 Ka7 42. d7 Rbxd7 43. Qxg6 Rd5 44. g4 hxg4 45. h5 R5d7 46.
h6 a5 47. d5 Rb7 48. d6 b5 49. Qf6 Rdd7 50. Qd4+ Ka6 51. Kg2 a4 52. Qxb4 Kb6
53. Kg3 Kc6 54. Kxg4 Kd5 55. Kf5 Rf7+ 56. Kg5 Rfd7 57. f3 Ke6 58. Kg6 Rxd6 59.
h7 Rb8 60. Qe4+ Kd7+ 61. Kg7 Kc7 62. Qe5 Rb7 63. Qe7+ Kb6 64. Qxb7+ Kxb7 65.
h8=Q b4 66. Qe8 b3 67. axb3 a3 68. Qe7+ Kc6 69. Qe4+ Kc7 70. Qa4 1-0

[Event "Open Semana Santa 2023"]
[Site "?"]
[Date "2023.04.08"]
[Round "6.10"]
[White "GM Sumets, Andrey"]
[Black "IM Vega Gutierrez, Sabrina"]
[Result "1-0"]
[WhiteElo "2506"]
[BlackElo "2370"]
[PlyCount "91"]

1. d4 d5 2. c4 e6 3. Nf3 Nf6 4. g3 Be7 5. Bg2 O-O 6. O-O c6 7. Qc2 b6 8. Ne5
Nfd7 9. Nd3 Na6 10. Rd1 Bb7 11. b3 Rc8 12. Bb2 Qc7 13. Nc3 Qb8 14. e4 c5 15.
exd5 cxd4 16. dxe6 fxe6 17. Ne4 Nac5 18. Nexc5 bxc5 19. Qe2 Rf6 20. Bxb7 Qxb7
21. b4 e5 22. Nxe5 Nxe5 23. Qxe5 Rcf8 24. f4 Qxb4 25. Qxe7 Qxb2 26. Qxc5 Rd8
27. Qa5 Rff8 28. Qd2 Qa3 29. Qd3 Qc5 30. Re1 Rfe8 31. Rad1 Rxe1+ 32. Rxe1 Qa5
33. Re2 Qc3 34. Qxc3 dxc3 35. Rc2 Rd2 36. Rxc3 Rxa2 37. c5 Rb2 38. c6 Rb8 39.
Kf2 Kf8 40. Ke3 Ke7 41. Ra3 Ra8 42. Ra6 Kd6 43. Kd4 h5 44. Ke4 g6 45. Kf3 Kc5
46. c7 1-0

[Event "Open Semana Santa 2023"]
[Site "?"]
[Date "2023.04.08"]
[Round "6.11"]
[White "IM Vassallo Barroche, Mauricio"]
[Black "GM Solodovnichenko, Yuri"]
[Result "0-1"]
[WhiteElo "2361"]
[BlackElo "2489"]
[PlyCount "74"]

1. d4 Nf6 2. c4 e6 3. Nc3 d5 4. cxd5 exd5 5. Bf4 Bd6 6. Bxd6 Qxd6 7. e3 Bf5 8.
h3 O-O 9. Bd3 Bxd3 10. Qxd3 Nbd7 11. Nge2 Rfe8 12. O-O c6 13. Ng3 g6 14. Rad1
Re7 15. Qc2 Rae8 16. Rfe1 Kg7 17. Nf1 Nh5 18. Re2 Kh8 19. f3 f5 20. Rde1 f4 21.
Qd2 fxe3 22. Rxe3 Ng7 23. Rxe7 Rxe7 24. Rxe7 Qxe7 25. Qe3 Qf6 26. g4 Ne6 27.
Ne2 c5 28. dxc5 Ndxc5 29. b4 d4 30. Qd2 Ng5 31. Nh2 d3 32. bxc5 dxe2 33. Qxe2
Nxh3+ 34. Kh1 Nf4 35. Qd1 h5 36. Nf1 hxg4 37. fxg4 Qc6+ 0-1

[Event "Open Semana Santa 2023"]
[Site "?"]
[Date "2023.04.08"]
[Round "6.12"]
[White "WIM Kamalidenova, Meruert"]
[Black "IM Kosakowski, Jakub"]
[Result "1/2-1/2"]
[WhiteElo "2342"]
[BlackElo "2479"]
[PlyCount "79"]

1. e4 c6 2. d4 d5 3. Nd2 dxe4 4. Nxe4 Nf6 5. Nxf6+ exf6 6. c3 Bd6 7. Bd3 O-O 8.
Qc2 Re8+ 9. Ne2 h5 10. Be3 Nd7 11. O-O-O b5 12. d5 c5 13. Bxb5 Rb8 14. c4 g6
15. Nc3 Rxe3 16. fxe3 Ne5 17. Ne4 Bf5 18. Rhf1 Bxe4 19. Qxe4 f5 20. Qc2 a6 21.
Bxa6 Ra8 22. Bb5 Rxa2 23. h3 Ra1+ 24. Kd2 Ra7 25. Rde1 Qh4 26. Re2 Bc7 27. Rf4
Qg3 28. Qd1 Nd3 29. Rf3 Nxb2 30. Rxg3 Nxd1 31. Rf3 Ra1 32. e4 Ba5+ 33. Kc2 Nc3
34. Rxc3 Ra2+ 35. Kd3 Rxe2 36. Ra3 Rd2+ 37. Ke3 f4+ 38. Kxf4 Bc7+ 39. Kf3 Be5
40. h4 1/2-1/2

[Event "Open Semana Santa 2023"]
[Site "?"]
[Date "2023.04.08"]
[Round "6.13"]
[White "FM Domingo Nunez, Alejandro"]
[Black "IM Pijpers, Arthur"]
[Result "1/2-1/2"]
[WhiteElo "2335"]
[BlackElo "2474"]
[Annotator "Usuario"]
[PlyCount "49"]
[EventDate "2023.??.??"]

1. e4 c5 2. Nc3 g6 3. Nf3 Bg7 4. d4 cxd4 5. Nxd4 Nc6 6. Be3 Nf6 7. Bc4 O-O 8.
Bb3 d6 9. f3 Bd7 10. Qd2 Rc8 11. O-O-O Nxd4 12. Bxd4 b5 13. Nd5 Nxd5 14. exd5
Bxd4 15. Qxd4 a5 16. a3 b4 17. axb4 axb4 18. Rhe1 Re8 19. Re3 Qa5 20. Rde1 Ba4
21. Bxa4 Qxa4 22. b3 Qa2 23. R1e2 Rc5 24. c4 Qa7 25. Kd1 $11 1/2-1/2

[Event "Open Semana Santa 2023"]
[Site "?"]
[Date "2023.04.08"]
[Round "6.14"]
[White "GM Movsziszian, Karen"]
[Black "FM Habans Aguerrea, Javier"]
[Result "1-0"]
[WhiteElo "2468"]
[BlackElo "2343"]
[PlyCount "99"]

1. Nf3 d5 2. g3 Nf6 3. Bg2 Nbd7 4. d4 c5 5. c4 dxc4 6. O-O e6 7. Na3 Nb6 8.
Nxc4 Nxc4 9. Qa4+ Bd7 10. Qxc4 b5 11. Qd3 c4 12. Qc2 Bc6 13. Bg5 Be7 14. Bxf6
Bxf6 15. e4 O-O 16. e5 Be7 17. Ng5 Bxg5 18. Bxc6 Rc8 19. Qe4 Qb6 20. d5 b4 21.
h4 Bh6 22. Kh2 Bd2 23. Qxc4 exd5 24. Qxd5 Rxc6 25. Qxd2 Rfc8 26. b3 Rc2 27. Qf4
Re2 28. Rad1 h5 29. Kg1 a5 30. Rd2 Rxd2 31. Qxd2 Qe6 32. Re1 Qf5 33. Re2 Rc5
34. Qd4 Rc1+ 35. Kg2 Qb1 36. Qd8+ Kh7 37. Qd5 Qf5 38. Re3 Rc3 39. Re2 Rc1 40.
Re4 Rc5 41. Qd4 Rc2 42. Rf4 Qg6 43. Qd5 Rxa2 44. Rxf7 Rd2 45. Qxd2 Qxf7 46.
Qd3+ Qg6 47. Qc4 Qb6 48. Qe4+ Kg8 49. e6 Qb5 50. Qa8+ 1-0

[Event "Open Semana Santa 2023"]
[Site "?"]
[Date "2023.04.08"]
[Round "6.15"]
[White "WGM Alinasab, Mobina"]
[Black "IM Camacho Collados, Marcos"]
[Result "1/2-1/2"]
[WhiteElo "2334"]
[BlackElo "2465"]
[Annotator "Usuario"]
[PlyCount "166"]
[EventDate "2023.??.??"]

1. e4 c5 2. Nf3 Nc6 3. Bb5 Qb6 4. Bxc6 Qxc6 5. Nc3 e6 6. O-O b5 7. Re1 Nf6 8.
d4 b4 9. d5 Qa6 10. Nb1 Bb7 11. Nbd2 exd5 12. exd5+ Be7 13. Nb3 Bxd5 14. Nxc5
Qc4 15. Nd3 Be6 16. b3 Qa6 17. Bb2 O-O 18. Nf4 Rac8 19. Nd4 Qa5 20. Qd2 h6 21.
a3 Qb6 22. axb4 Bxb4 23. c3 Bc5 24. Ba3 Qb7 25. Bxc5 Rxc5 26. c4 Rb8 27. f3 Qb6
28. Qe3 Rcc8 29. Nd3 Re8 30. Qf2 a6 31. Ra3 Qd6 32. Rea1 Ra8 33. Ra5 Reb8 34.
Nc5 Qf4 35. g3 Qd6 36. Nb5 Qe5 37. Re1 Qh5 38. Nxa6 Rc8 39. Raa1 Rc6 40. Nb4
Rxa1 41. Rxa1 Rc8 42. Nd3 g5 43. Qd4 Qg6 44. Ne5 Qc2 45. Qc3 Qe2 46. Re1 Qa2
47. Ra1 Qe2 48. Re1 Qa2 49. Nd3 Nh5 50. Nb4 Qa5 51. Nd5 Qd8 52. Rd1 Rc6 53. Nd4
Bxd5 54. Qd2 Bxf3 55. Nxf3 Qb6+ 56. Nd4 Ng7 57. Qe3 Re6 58. Qc3 Re4 59. c5 Qf6
60. Nb5 Qe7 61. Nd6 Re3 62. Qxg7+ Kxg7 63. Nf5+ Kf6 64. Nxe7 Kxe7 65. b4 Rb3
66. Rd4 Rb2 67. Kh1 f6 68. Kg1 h5 69. Kh1 Ke6 70. Kg1 Kf5 71. Rxd7 Rxb4 72. c6
Rc4 73. c7 $11 Ke4 74. h3 f5 75. Rg7 g4 76. hxg4 hxg4 77. Rd7 Rc2 78. Kf1 Ke3
79. Kg1 Ke4 80. Kf1 f4 81. gxf4 g3 82. c8=Q Rxc8 83. Kg2 Kxf4 1/2-1/2

[Event "Open Semana Santa 2023"]
[Site "?"]
[Date "2023.04.08"]
[Round "6.16"]
[White "FM Gavarrete, Nahun"]
[Black "GM Stella, Andrea"]
[Result "1/2-1/2"]
[WhiteElo "2303"]
[BlackElo "2474"]
[Annotator "Usuario"]
[PlyCount "105"]
[EventDate "2023.??.??"]

1. e4 c5 2. Nf3 d6 3. d4 cxd4 4. Nxd4 Nf6 5. Nc3 a6 6. Be2 e5 7. Nb3 Be7 8. Be3
Be6 9. Nd5 Nxd5 10. exd5 Bf5 11. O-O O-O 12. a4 Nd7 13. Qd2 Qc7 14. Rfc1 a5 15.
Bb5 Nf6 16. f3 e4 17. f4 Ng4 18. Nd4 Bd7 19. h3 Nxe3 20. Qxe3 Bxb5 21. Nxb5 Qc4
22. b3 Qxd5 23. Nc7 Qc6 24. Nxa8 d5 25. Kh1 Rxa8 26. c3 f5 27. Ra2 Bf6 28. Rac2
Rc8 29. Qa7 b6 30. Qa6 h5 31. Qe2 h4 32. Qh5 Qe6 33. Qg6 Kf8 34. Qh5 Ke7 35.
Qe2 Qd6 36. Qa6 Rc7 37. Qf1 Rc5 38. Qf2 Ke6 39. Qe3 Qc7 40. Qf2 Rxc3 41. Rxc3
Bxc3 42. Qxh4 d4 43. Qh5 Qxf4 44. Qg6+ Kd5 45. Qf7+ Kc6 46. Qe6+ Kb7 47. Qd5+
Ka7 48. Qf7+ Kb8 49. Qg8+ Ka7 50. Qf7+ Kb8 51. Qg8+ Ka7 52. Qf7+ Kb8 53. Qg8+
$11 1/2-1/2

[Event "Open Semana Santa 2023"]
[Site "?"]
[Date "2023.04.08"]
[Round "6.17"]
[White "FM Karthik Rajaa"]
[Black "IM Garcia Ramos, Daniel"]
[Result "0-1"]
[WhiteElo "2302"]
[BlackElo "2442"]
[Annotator "Usuario"]
[PlyCount "128"]

1. Nf3 Nf6 2. c4 e6 3. Nc3 d5 4. e3 c6 5. b3 Bd6 6. Bb2 O-O 7. d4 Nbd7 8. Be2
b6 9. O-O Bb7 10. Qc2 Rc8 11. Rad1 c5 12. dxc5 Nxc5 13. cxd5 Nxd5 14. Bc4 Nb4
15. Qe2 Qe7 16. a3 Bxf3 17. Qxf3 Nc6 18. Bb5 Ne5 19. Qh5 f5 20. b4 Ncd7 21. Qe2
Nf6 22. f4 Ng6 23. Ba6 Rcd8 24. Nb5 Kh8 25. Nd4 Qf7 26. Bc4 Nd5 27. Nxe6 Qxe6
28. Bxd5 Qe7 29. Qf3 a5 30. Bd4 axb4 31. axb4 Bxb4 32. Bxb6 Rd6 33. Bd4 Nh4 34.
Qg3 Rxd5 35. Qxg7+ Qxg7 36. Bxg7+ Kxg7 37. Rxd5 Re8 38. Rb1 Re4 39. Kf2 Kf6 40.
Rc1 Re6 41. Rc4 Be7 42. g3 Ng6 $11 43. Kf3 Ra6 44. Rd2 Nh8 45. Rdc2 Ra3 46.
Rc6+ Kf7 47. R6c3 Ra4 48. Re2 Ng6 49. e4 fxe4+ 50. Rxe4 Ra7 51. Rec4 Ra5 52.
Re4 Bf6 53. Rb3 Ne7 54. g4 h6 55. Rb7 Ra3+ 56. Re3 Ra1 57. Kg2 Rc1 58. h4 Kf8
59. g5 Nf5 60. Ra3 Be7 61. h5 Bxa3 62. Kf3 Rf1+ 63. Kg4 Ne3+ 64. Kg3 Bd6 0-1

[Event "Open Semana Santa 2023"]
[Site "?"]
[Date "2023.04.08"]
[Round "6.18"]
[White "IM Gomez Ledo, Roberto Carlos"]
[Black "IM Lammers, Markus"]
[Result "1/2-1/2"]
[WhiteElo "2437"]
[BlackElo "2338"]
[PlyCount "84"]

1. d4 Nf6 2. Bf4 e6 3. e3 d5 4. Nd2 c5 5. c3 Nc6 6. Ngf3 Be7 7. Ne5 O-O 8. Bd3
Qb6 9. Rb1 cxd4 10. exd4 Nxe5 11. dxe5 Nd7 12. O-O f5 13. exf6 Bxf6 14. Bg3 e5
15. Bc2 Qc6 16. Re1 b5 17. c4 bxc4 18. Nxc4 e4 19. Nd6 Nb6 20. Bb3 Kh8 21. Rc1
Qd7 22. Bxd5 Nxd5 23. Qxd5 Ba6 24. Rxe4 Bxb2 25. Rce1 h6 26. Re7 Qg4 27. h3 Qg6
28. R7e6 Qd3 29. Qh5 Bc4 30. Nxc4 Qxc4 31. Rxh6+ gxh6 32. Qxh6+ Kg8 33. Be5
Bxe5 34. Rxe5 Rf4 35. Rg5+ Kf7 36. Rg7+ Ke8 37. Qg6+ Kf8 38. Rh7 Qd4 39. Qh6+
Kg8 40. Qg6+ Kf8 41. Qh6+ Kg8 42. Qg6+ Kf8 1/2-1/2

[Event "Open Semana Santa 2023"]
[Site "?"]
[Date "2023.04.08"]
[Round "6.19"]
[White "Liu, Zhaoqi"]
[Black "GM Ubilava, Elizbar"]
[Result "1/2-1/2"]
[WhiteElo "2301"]
[BlackElo "2435"]
[PlyCount "47"]

1. c4 Nf6 2. Nc3 g6 3. g3 Bg7 4. Bg2 O-O 5. d4 d6 6. Nf3 Nc6 7. O-O Rb8 8. d5
Na5 9. b3 a6 10. Bg5 b5 11. cxb5 axb5 12. b4 Nc4 13. Qb3 Bd7 14. a4 h6 15. axb5
Nb6 16. Be3 e6 17. dxe6 Bxe6 18. Qd1 Nfd5 19. Nxd5 Nxd5 20. Bd4 Nc3 21. Qd2
Nxb5 22. Bxg7 Kxg7 23. Nd4 Nxd4 24. Qxd4+ 1/2-1/2

[Event "Open Semana Santa 2023"]
[Site "?"]
[Date "2023.04.08"]
[Round "6.20"]
[White "FM Bettall, Francesco"]
[Black "IM Espinosa Aranda, Angel"]
[Result "0-1"]
[WhiteElo "2200"]
[BlackElo "2429"]
[PlyCount "56"]

1. e4 c5 2. Nf3 Nc6 3. Nc3 g6 4. Bb5 Bg7 5. O-O e5 6. a3 Nge7 7. b4 d6 8. bxc5
dxc5 9. d3 O-O 10. Bc4 h6 11. Re1 Qd6 12. Nd2 Kh7 13. Rb1 b6 14. Nf1 f5 15.
exf5 gxf5 16. Ng3 Nd4 17. f4 Bb7 18. fxe5 Qc6 19. Qd2 f4 20. Nge4 f3 21. Rf1
Qg6 22. g3 Bxe5 23. Kh1 Ne2 24. Nd1 Bxe4 25. dxe4 Rad8 26. Bd3 Qh5 27. Rf2
Nxg3+ 28. Kg1 Rg8 0-1

[Event "Open Semana Santa 2023"]
[Site "?"]
[Date "2023.04.08"]
[Round "6.21"]
[White "GM Hovhannisyan, Mher"]
[Black "FM Garrido Diaz, Jose Antonio"]
[Result "1-0"]
[WhiteElo "2418"]
[BlackElo "2302"]
[PlyCount "177"]

1. Nf3 Nf6 2. c4 e6 3. e3 d5 4. b3 Be7 5. Bb2 O-O 6. Nc3 c5 7. d4 Nc6 8. Be2 b6
9. O-O Bb7 10. dxc5 dxc4 11. Bxc4 Bxc5 12. Qe2 Qe7 13. Ba6 Bxa6 14. Qxa6 Nb4
15. Qe2 Nbd5 16. Nxd5 Nxd5 17. e4 Nf6 18. Rad1 Rac8 19. h3 Ba3 20. Ba1 Nd7 21.
Nd4 Bc5 22. Nb5 Nb8 23. Qb2 f6 24. e5 fxe5 25. Qxe5 Nc6 26. Qe4 a6 27. Nd4 Nxd4
28. Bxd4 Bxd4 29. Rxd4 Rfd8 30. Rxd8+ Rxd8 31. Re1 a5 32. Qxe6+ Qxe6 33. Rxe6
b5 34. Re2 Rd1+ 35. Kh2 Kf7 36. g4 Kf6 37. h4 a4 38. bxa4 bxa4 39. Kg3 Ra1 40.
Kf4 g6 41. Rc2 h6 42. g5+ hxg5+ 43. hxg5+ Ke6 44. f3 a3 45. Rd2 Ke7 46. Re2+
Kd6 47. Rh2 Ke6 48. Re2+ Kf7 49. Ke5 Ke7 50. f4 Kf7 51. Kd4 Rf1 52. Ke4 Ra1 53.
Ke5 Ke7 54. Kd5+ Kf7 55. Rd2 Ke7 56. Re2+ Kf7 57. Ke4 Ke6 58. Kf3+ Kf7 59. Rc2
Ke7 60. Re2+ Kf7 61. Ke3 Rb1 62. Kd3 Rf1 63. Ke4 Ra1 64. Ke5 Ke7 65. f5 Kf7 66.
fxg6+ Kxg6 67. Rg2 Rb1 68. Rg3 Rb5+ 69. Kd6 Rxg5 70. Rxa3 Kf7 71. Re3 Rg2 72.
a4 Ra2 73. Re4 Kf6 74. Rf4+ Kg5 75. Ke5 Kg6 76. Ke6 Kg7 77. Kd6 Kg6 78. Kc6 Kg5
79. Rb4 Kf6 80. Kb6 Ke7 81. a5 Kd8 82. a6 Kc8 83. a7 Ra1 84. Rb5 Ra2 85. Rc5+
Kd7 86. Ra5 Rb2+ 87. Ka6 Kc7 88. a8=Q Rb6+ 89. Ka7 1-0

[Event "Open Semana Santa 2023"]
[Site "?"]
[Date "2023.04.08"]
[Round "6.22"]
[White "IM Poormosavi, Seyed Kian"]
[Black "Bermejo Martinez, Jorge"]
[Result "1-0"]
[WhiteElo "2418"]
[BlackElo "2215"]
[PlyCount "39"]

1. Nf3 d5 2. g3 Bg4 3. Bg2 Nd7 4. h3 Bh5 5. d3 e6 6. O-O c6 7. Nbd2 Be7 8. e4
a5 9. a4 Nc5 10. Qe2 dxe4 11. dxe4 Nf6 12. Rd1 Qc7 13. Nc4 Bxf3 14. Bxf3 e5 15.
b3 O-O 16. Bb2 Nfd7 17. Bg4 f6 18. Ba3 Rfd8 19. Bxd7 Rxd7 20. Rxd7 1-0

[Event "Open Semana Santa 2023"]
[Site "?"]
[Date "2023.04.08"]
[Round "6.23"]
[White "FM Tytynnik, Artem"]
[Black "FM Trigo Urquijo, Sergio"]
[Result "0-1"]
[WhiteElo "2164"]
[BlackElo "2408"]
[PlyCount "128"]

1. d4 d6 2. Nf3 Nf6 3. c4 g6 4. Nc3 Bg7 5. e4 O-O 6. Be2 Na6 7. Qc2 c5 8. d5 e6
9. O-O Re8 10. Nd2 Nc7 11. Re1 b5 12. e5 dxe5 13. d6 Qxd6 14. cxb5 Bb7 15. Nc4
Qe7 16. Nxe5 Nfd5 17. Bf1 a6 18. bxa6 Nxa6 19. Nxd5 Bxd5 20. Nd3 Nb4 21. Nxb4
cxb4 22. a4 Rec8 23. Qd1 Ra5 24. Bb5 Qb7 25. Qg4 Rca8 26. Rb1 h5 27. Qh3 Be4
28. Bd3 Bxd3 29. Qxd3 Rxa4 30. Bd2 b3 31. Bc3 Qd5 32. Qe3 Rg4 33. f3 Bxc3 34.
Qxc3 Rd4 35. h3 Rd2 36. Ra1 Rd8 37. Kh1 Rc2 38. Qf6 Qd2 39. Rg1 Qd4 40. Qe7
Rxb2 41. Ra7 Rf8 42. Rd7 Qf4 43. Qa3 Qe5 44. Rd3 Rb8 45. f4 Qe4 46. Qa7 Qxd3
47. Qxb8+ Kh7 48. Qf8 Qf5 49. Qb8 Rb1 50. Kh2 Rxg1 51. Kxg1 Qb1+ 52. Kh2 b2 53.
f5 Qc1 54. fxg6+ fxg6 55. Qb4 Qc7+ 56. Kh1 Qc1+ 57. Kh2 Qc7+ 58. Kh1 Qg7 59.
Kh2 Qf6 60. Qb7+ Kh6 61. Qb4 g5 62. Kg1 h4 63. Qb6 Qe5 64. Qb4 Qe3+ 0-1

[Event "Open Semana Santa 2023"]
[Site "?"]
[Date "2023.04.08"]
[Round "6.24"]
[White "IM Veiga, Jose Francisco R P N"]
[Black "CM Ribera Veganzones, Serni"]
[Result "1-0"]
[WhiteElo "2403"]
[BlackElo "2195"]
[PlyCount "115"]

1. e4 c6 2. Nc3 d5 3. Nf3 Bg4 4. h3 Bxf3 5. Qxf3 e6 6. g3 Bc5 7. Bg2 Nf6 8. O-O
O-O 9. Rd1 Bd4 10. exd5 exd5 11. Ne2 Bb6 12. d4 Nbd7 13. Be3 Re8 14. Nf4 Bc7
15. Re1 Ne4 16. h4 Ndf6 17. Re2 Nd6 18. Nd3 Nc4 19. Bg5 Re4 20. Re3 Rxe3 21.
Qe2 h6 22. Bxe3 a5 23. Bc1 Nd6 24. b3 Nde4 25. a4 Qd7 26. Bb2 Rd8 27. Re1 Re8
28. Ne5 Qe6 29. Qf1 Bd6 30. Bh3 Qe7 31. Qd3 Bxe5 32. dxe5 Nd7 33. Bxd7 Nc5 34.
Qc3 Nxd7 35. Qxa5 Nf8 36. f4 Qe6 37. Qd2 Qg4 38. Re3 Ng6 39. Qe2 Qh3 40. Qf1
Qf5 41. Qd3 Qg4 42. Kh2 Ne7 43. Qe2 h5 44. e6 Qxe2+ 45. Rxe2 fxe6 46. Rxe6 Kf7
47. Re5 g6 48. g4 hxg4 49. h5 gxh5 50. Rxh5 Ke6 51. Re5+ Kf7 52. Kg3 b6 53. Ba3
c5 54. a5 Ra8 55. axb6 Nc6 56. Rxd5 Rxa3 57. Rxc5 Nb8 58. Rc8 1-0

[Event "Open Semana Santa 2023"]
[Site "?"]
[Date "2023.04.08"]
[Round "6.25"]
[White "FM Macias Pino, Diego"]
[Black "Centeno Mendoza, Julio Stefano"]
[Result "1-0"]
[WhiteElo "2395"]
[BlackElo "2088"]
[PlyCount "55"]

1. e4 e5 2. Nf3 Nc6 3. Bc4 Bc5 4. d3 Nf6 5. O-O O-O 6. Re1 a5 7. h3 h6 8. c3
Ba7 9. Na3 d6 10. Nb5 Bb6 11. a4 Re8 12. Be3 Bxe3 13. Rxe3 Be6 14. b3 d5 15.
exd5 Nxd5 16. Bxd5 Bxd5 17. d4 Bxf3 18. Qxf3 Re7 19. d5 Nb8 20. Rd1 Ra6 21. Qe2
f6 22. Nd4 Rd7 23. c4 Kh7 24. f4 c6 25. Ne6 Qe7 26. fxe5 cxd5 27. exf6 Qxf6 28.
Rf1 1-0